000 00221nam a2200097Ia 4500
008 191206s9999 xx 000 0 und d
020 _a9.78818E+12
090 _aGF85.G58
245 0 _aEnvironmental Hazards
260 _cc2012
999 _c15918
_d15918